000 02536nam a22003497a 4500
005 2012032301581.0
010 _aB-447247-257
020 _a812374319X
_c65.00
035 _aB-447247-257
037 _adpl
_bK.K.Pub/Ven
082 _a921
100 _aWatve, Bapu
_944654
245 _aDadasaheb Phalke :
_bthe father of Indian cinema /
_cby Bapu Watve ; translated by S.A.Virkar
260 _aNew Delhi
_bNational Book Trust
_c2006
270 _aA-5 Green Park,
_bNew Delhi
_e110016
300 _avi,181p.
_bill
_c22cm(pbk)
490 _aNational biography
_944655
700 _aVirkar, S.A.
_944367
942 _2ddc
_cEN
_mWAT
_h921
999 _c64432
_d64432